000 00379nam a2200145Ia 4500
008 220217s9999||||xx |||||||||||||| ||und||
020 _a81-224-1164-9
082 _a621.381 5 TRI
100 _aTripathi, A.N
245 0 _aLinear systems analysis
250 _a2nd
260 _aNew age international pvt. Ltd.
_bNew Delhi
_c1998
300 _b200
650 _aCIRCUITRY
999 _c169039
_d169039